[Event "Unterfranken-ch HT 52th"]
[Site "Massbach"]
[Date "2001.??.??"]
[Round "?"]
[White "Barthel, Andre"]
[Black "Lamping, Peter"]
[Result "0-1"]
[WhiteElo "859"]
[BlackElo "1602"]
[PlyCount "43"]
[EventDate "2001.04.16"]
[EventType "swiss"]
[EventRounds "9"]
[EventCountry "GER"]
[SourceTitle "EXT 2015"]
[Source "ChessBase"]
[SourceDate "2014.11.20"]
[SourceVersion "1"]
[SourceVersionDate "2014.11.20"]
[SourceQuality "1"]

1. c4 g6 2. d3 Bg7 3. g3 e6 4. Bd2 Nf6 5. Nf3 0-0 6. b3 Nc6 7. e3 d6 8. Bc3 e5 9. d4 Bg4 10. Be2 Bh3 11. Ng5 Bg2 12. Rg1 Be4 13. Nxe4 Nxe4 14. Bb2 Qf6 15. Bf3 Ng5 16. Nd2 exd4 17. Bxc6 bxc6 18. Nf3 Nxf3+ 19. Qxf3 Qxf3 20. exd4 Rfe8+ 21. Kd2 Re2+ 22. Kc1 0-1